قياس الإدارة / (رقم التسجيلة. 18496)

تفاصيل مارك
000 -LEADER
fixed length control field 00526nam a22001817a 4500
005 - DATE AND TIME OF LATEST TRANSACTION
control field 20251108164948.0
008 - FIXED-LENGTH DATA ELEMENTS--GENERAL INFORMATION
fixed length control field 250721s1963 xx 000 0 ara d
082 14 - DEWEY DECIMAL CLASSIFICATION NUMBER
Classification number 658/هيي
100 1# - MAIN ENTRY--PERSONAL NAME
Personal name هييل، كارل
245 10 - TITLE STATEMENT
Title قياس الإدارة /
264 1# - PRODUCTION, PUBLICATION, DISTRIBUTION, MANUFACTURE, AND COPYRIGHT NOTICE
Place of production, publication, distribution, manufacture القاهرة :
Name of producer, publisher, distributor, manufacturer دار الكرنك،
Date of production, publication, distribution, manufacture, or copyright notice 1963.
300 ## - PHYSICAL DESCRIPTION
Extent 197ص
490 0# - SERIES STATEMENT
Series statement المكتبة الصناعية عدد 11
650 17 - SUBJECT ADDED ENTRY--TOPICAL TERM
Topical term or geographic name as entry element إدارة الأعمال
700 1# - ADDED ENTRY--PERSONAL NAME
Personal name القباني، عمر
Relator term ترجمة
942 ## - ADDED ENTRY ELEMENTS (KOHA)
Source of classification or shelving scheme Dewey Decimal Classification
Koha item type كتب
المقتنيات
حالة السحب حالة الفقدان مصدر التصنيف حالة التلف غير قابل للإعارة المكتبة الرئيسية المكتبة الحالية موقع الرف تاريخ التزويد الرقم المتسلسل Total Checkouts رقم الإستدعاء الباركود تاريخ آخر ظهور تاريخ الفاتورة نوع المادة (كوها)
    Dewey Decimal Classification     المكتبة المركزية المكتبة المركزية الإعارة 06/07/2004 10438   658/هيي 10438 28/07/2025 06/07/2004 كتب
Implemented & Customized by: BBB with SCIT (Smart Chains for Information Technology)

Powered by Koha